| 000 | 00513nam a2200169 a 4500 | ||
|---|---|---|---|
| 001 | 1411 | ||
| 003 | CDMR | ||
| 005 | 20131217141040.0 | ||
| 008 | 130130s1971||||||||||||||||||||||||||||d | ||
| 024 |
_2DL _aM.32534 |
||
| 040 |
_aCDMR _bcat _cCDMR |
||
| 100 | 1 |
_aVeyrat, Miguel _91076 |
|
| 245 | 1 | 0 |
_aHablando de España en voz alta _cMiguel Veyrat |
| 260 |
_aMadrid _c1971 _bGráficas Reunidas |
||
| 500 | _aFotos: Eduardo Caliz Entrevistes que van sortir publicades a Nuevo Diariodurant l'any 1971 | ||
| 942 |
_cMON _2udc |
||
| 999 |
_c1411 _d1411 |
||